Catálogo público

Nutrición animal y dietética veterinaria / (Record no. 166274)

MARC details
000 -CABECERA
campo de control de longitud fija 00655nam a2200253Ia 4500
001 - NÚMERO DE CONTROL
campo de control Z_3166
003 - IDENTIFICADOR DEL NÚMERO DE CONTROL
campo de control CHAP
005 - FECHA Y HORA DE LA ÚLTIMA TRANSACCIÓN
campo de control 20221020094630.0
008 - DATOS DE LONGITUD FIJA--INFORMACIÓN GENERAL
campo de control de longitud fija 220113s1964 xx 000 0 und d
010 ## - NÚMERO DE CONTROL DE LA BIBLIOTECA DEL CONGRESO
Número de control de LC 166274
040 ## - FUENTE DE LA CATALOGACIÓN
Centro/agencia transcriptor CHAP
082 ## - NÚMERO DE LA CLASIFICACIÓN DECIMAL DEWEY
Número de clasificación 636.085 A27y
100 1# - ENTRADA PRINCIPAL--NOMBRE DE PERSONA
Nombre de persona Abrams, John T.
9 (RLIN) 306
245 ## - MENCIÓN DE TÍTULO
Título Nutrición animal y dietética veterinaria /
Mención de responsabilidad, etc. por J. T. Abrams
260 ## - PUBLICACIÓN, DISTRIBUCIÓN, ETC.
Lugar de publicación, distribución, etc. Zaragoza :
Nombre del editor, distribuidor, etc. Acribia,
Fecha de publicación, distribución, etc. 1964
300 ## - DESCRIPCIÓN FÍSICA
Extensión 988 p.
500 ## - NOTA GENERAL
Nota general trad. De : Animal nutrition and veterinary dietetics
650 ## - PUNTO DE ACCESO ADICIONAL DE MATERIA--TÉRMINO DE MATERIA
Término de materia o nombre geográfico como elemento de entrada Nutrición animal
9 (RLIN) 82275
901 ## - ELEMENTOS DE DATOS A LOCAL LDA (RLIN)
a 636.085 A27Y
902 ## - ELEMENTOS DE DATOS B LOCAL, LDB (RLIN)
a M
910 ## - DATOS DE OPCIÓN DEL USUARIO (OCLC)
Datos de opción del usuario 1964
942 ## - ELEMENTOS DE PUNTO DE ACCESO ADICIONAL (KOHA)
Tipo de ítem Koha Libro_
Fuente del sistema de clasificación o colocación Dewey Decimal Classification
942 ## - ELEMENTOS DE PUNTO DE ACCESO ADICIONAL (KOHA)
Fuente del sistema de clasificación o colocación Dewey Decimal Classification
Holdings
Estado de retiro Estado de pérdida Fuente del sistema de clasificación o colocación Estado dañado Restricciones de uso No para préstamo Código de colección Localización permanente Ubicación/localización actual Fecha de adquisición Signatura topográfica completa Código de barras Fecha visto por última vez Número de copia Precio válido a partir de Tipo de ítem Koha
    Dewey Decimal Classification   Préstamo interno   General Zootecnia Zootecnia 09/11/2005 636.085 A27y z_3598 18/01/2022 2 18/01/2022 Libro
    Dewey Decimal Classification   Préstamo interno   General Zootecnia Zootecnia 09/11/2005 636.085 A27y z_3599 18/01/2022 1 18/01/2022 Libro